000 01038nas a2200325 4500
001 BR0707031
003 BR-BrBNA
005 20231205111334.0
007 ta
008 230509b bl.|||p| |||| 00| 00por d
040 _aBR-BrBNA
_bpor
_cBiblioteca Nacional de Agricultura
041 _a(Pt)
072 _aL70; L73
100 1 _aCaporali, E.H.G.
100 1 _aSilva, A.V. da
100 1 _aMendonça, A. de O.
100 1 _aLangoni, H.
245 1 _aComparação de métodos para determinação da prevalência de anticorpos anti-Toxoplasma gondii em suínos dos estados de São Paulo e Pernambuco
650 _aSUÍNO
650 _aANTICORPO
650 _aTOXOPLASMA GONDI
650 _aEPIDEMIOLOGIA
650 _aDIAGNÓSTICO
650 _aSOROLOGIA
650 _aSÃO PAULO
650 _aPERNAMBUCO
773 0 _tArquivos de Ciências Veterinárias e Zoologia da UNIPAR (Brazil)
_xISSN 1415-8167
_g(Jan-Jun 2005), v. 8(1) p. 19-24
_wBR0707031
909 _a202311
_bLúcia
_c55
_dLúcia Elande
942 _2AGRIS
_n0
_cANA
999 _c192130
_d192130